Monotype : hemos extractado ... todo lo que es conveniente conocer respecto a los teclados, fundidoras-componedoras, máquinas de fundir Monotype y máquinas de composición fotográfica Monophoto y foto-rotuladoras Monotype hemos extractado ... todo lo que es conveniente conocer respecto a los teclados, fundidoras-componedoras, máquinas de fundir Monotype y máquinas de composición fotográfica Monophoto y foto-rotuladoras Monotype
Descripción Física:
29 p. : il., fot. ; 21 cm
MARC
| LEADER | 00000nam a2200000Ia 4500 | ||
|---|---|---|---|
| 001 | 15056 | ||
| 008 | 160829s9999 xx 000 0 cat d | ||
| 080 | |a FU-33-60 | ||
| 245 | |a Monotype : |b hemos extractado ... todo lo que es conveniente conocer respecto a los teclados, fundidoras-componedoras, máquinas de fundir Monotype y máquinas de composición fotográfica Monophoto y foto-rotuladoras Monotype | ||
| 260 | |a Madrid : |b F. Lozano Navarro, [19-- ?] | ||
| 300 | |a 29 p. : |b il., fot. ; |c 21 cm | ||
| 650 | |a Monotip |9 38870 | ||
| 650 | |a Impremta |x Maquinària i accessoris |9 20259 | ||
| 901 | |a Arxiu | ||
| 942 | |n 1 | ||
| 952 | |0 0 |1 0 |4 0 |6 FU3360 |7 1 |9 48657 |a Arxiu |b Arxiu |d 2016-12-01 |l 0 |o FU-33-60 |p 15056 |r 2016-12-01 00:00:00 |w 2016-12-01 |y ARXIU | ||
| 999 | |c 52487 |d 52487 | ||